Cultivos de setas y trufas.

Saved in:
Bibliographic Details
Main Author: Garcia Rollan, Mariano (autor)
Format: Unknown
Published: Madrid, España : Ediciones Mundi-Prensa, 2023.
Edition:6a. edición revisada.
Subjects:
Tags: Add Tag
No Tags, Be the first to tag this record!

MARC

LEADER 00000 a2200000 4500
003 CL-VaPUC
005 20250314121151.0
008 250307t2023 ||||| |||| 00| 0 spa d
999 |c 445621  |d 445619 
020 |a 9788419934000 
040 |c Pontificia Universidad Católica de Valparaíso 
082 7 |2 22  |a 635.8 GAR 2023 
100 |a Garcia Rollan, Mariano  |9 893645  |e autor 
245 |a Cultivos de setas y trufas. 
250 |a 6a. edición revisada. 
260 |a Madrid, España :  |b Ediciones Mundi-Prensa,  |c 2023. 
300 |a 199 páginas :  |b ilustraciones.  
583 |k GC  |c 20250308 
650 |a Trufas   |x Cultivo  |9 896419 
650 0 |a Setas  |x Cultivo  |9 896420 
942 |2 ddc  |c BK 
952 |0 0  |1 0  |2 ddc  |4 0  |6 635_800000000000000_GAR_2023  |7 0  |8 A  |9 600638  |a BIBAGR  |b BIBAGR  |d 2025-03-05  |e 3  |g 41902.00  |i 5665558  |o 635.8 GAR 2023  |p 5665558  |r 2025-03-05  |t 1  |v 41902.00  |w 2025-03-05  |y BK  |k AGR